000
00337nam a22001457a 4500
008
210310b ||||| |||| 00| 0 eng d
020
_a
9780072297492
041
_a
eng
080
_2
9th
_a
004
082
_2
9th
_a
004
100
_a
35
101
_a
SHKI
245
_a
Introduction to Information Systems
_c
O'brien,A.J
942
_2
udc
_c
BK
999
_c
56188
_d
56188